| 000 | 01488nam0a22003131 4500 | ||
|---|---|---|---|
| 001 | rc\3180500 | ||
| 005 | 20260407083224.0 | ||
| 021 |
_aRU _bРг5053-76 |
||
| 021 |
_aRU _b76-12822 |
||
| 035 | _a(NLR Aleph) 007333931 | ||
| 090 |
_a6038477 _c6038477 |
||
| 100 | _a20120628d1975 |||y0rusy50 ca | ||
| 101 | 0 | _arus | |
| 102 | _aRU | ||
| 105 | _ay z ||||| | ||
| 200 | 1 |
_aМеждународное рабочее и коммунистическое движение _eСборник документов и материалов _f[Отв. ред. А.В. Чернобаев] _gВоен.-полит. акад. им. В.И. Ленина |
|
| 210 |
_aМосква _cБ. и. _d1975 |
||
| 215 |
_a406 с. _d21 |
||
| 300 | _aНа обороте тит. л. сост.: к. ист. н. доц. полк. Н.Г. Кузин, к. ист. н. подполк. П.В. Марцих, к. ист. н. доц. полк, П.П. Скороденко к. ист. н., доц. полк. в отставке А.В. Чернобаев | ||
| 702 | 1 |
_aМарцих _bП.В. _4220 |
|
| 702 | 1 |
_aСкороденко _bП.П. _4220 |
|
| 702 | 1 |
_aКузин _bН.Г. _gНиколай Григорьевич _4220 |
|
| 702 | 1 |
_aЧернобаев _bА.В. _4340 _4220 |
|
| 712 | 0 | 2 |
_aВоенно-политическая академия им. В.И.Ленина _cМосква _3RU\NLR\AUTH\889911 _9292343 |
| 801 | 0 |
_aRU _bNLR _gpsbo |
|
| 801 | 1 |
_aRU _bELAR _2rusmarc |
|
| 852 |
_aNLR _j76-3/2724 |
||
| 942 | _cBOOK | ||
| 980 | _aNB | ||